| 000 | 00702nam a22002057a 4500 | ||
|---|---|---|---|
| 999 |
_c6675 _d6675 |
||
| 003 | GBCCL | ||
| 005 | 20241126110608.0 | ||
| 008 | 180523b ||||| |||| 00| 0 eng d | ||
| 020 | _a9780882707457 | ||
| 040 | _cgbc | ||
| 082 |
_a220.95 _bFRE |
||
| 100 |
_aFreeman, James M. _911927 |
||
| 245 |
_aThe new manners and customs of the Bible: _ba complete guide to the origin and significance of our time-honored Biblical traditions / _cJames M. Freeman |
||
| 260 |
_aOrlando: _bBridge-Logos, _c1998 |
||
| 300 |
_a576 p.; _bill., _c24 cm. |
||
| 650 |
_aBible _xHandbooks, manuals, etc. _911928 |
||
| 650 |
_aBible _xHistory of Biblical events _911929 |
||
| 650 |
_aBible _xAntiquities _911930 |
||
| 942 |
_2ddc _cBK |
||